Heterocyclic chemistry (Record no. 1220)

MARC details
000 -LEADER
fixed length control field 00555nam a22002177a 4500
003 - CONTROL NUMBER IDENTIFIER
control field OSt
005 - DATE AND TIME OF LATEST TRANSACTION
control field 20260410020003.0
008 - FIXED-LENGTH DATA ELEMENTS--GENERAL INFORMATION
fixed length control field 150324b xxu||||| |||| 00| 0 eng d
020 ## - INTERNATIONAL STANDARD BOOK NUMBER
International Standard Book Number 9781405133005
040 ## - CATALOGING SOURCE
Transcribing agency DDC
082 ## - DEWEY DECIMAL CLASSIFICATION NUMBER
Edition number 22nd ed.
Classification number 547.5 JOU 2010
Item number H
100 ## - MAIN ENTRY--PERSONAL NAME
Personal name Joule, J.A
9 (RLIN) 3291
245 ## - TITLE STATEMENT
Title Heterocyclic chemistry
250 ## - EDITION STATEMENT
Edition statement 5th ed.
260 ## - PUBLICATION, DISTRIBUTION, ETC. (IMPRINT)
Place of publication, distribution, etc. UK;
Name of publisher, distributor, etc. Wiley,
Date of publication, distribution, etc. 2010
300 ## - PHYSICAL DESCRIPTION
Extent xvii,689p;
Other physical details col.ill
Dimensions 25cm
504 ## - BIBLIOGRAPHY, ETC. NOTE
Bibliography, etc References & index included
650 ## - SUBJECT ADDED ENTRY--TOPICAL TERM
Topical term or geographic name as entry element Chemistry
9 (RLIN) 797
700 ## - ADDED ENTRY--PERSONAL NAME
Personal name Mills K.
9 (RLIN) 3292
942 ## - ADDED ENTRY ELEMENTS (KOHA)
Source of classification or shelving scheme Dewey Decimal Classification
Koha item type Open Shelf
Koha issues (borrowed), all copies 5
Holdings
Withdrawn status Lost status Source of classification or shelving scheme Damaged status Not for loan Home library Current library Date acquired Source of acquisition Inventory number Total Checkouts Full call number Barcode Date last seen Koha item type Total Renewals Checked out Date last checked out
    Other/Generic Classification Scheme     MUST Main Library MUST Main Library 24/03/2015   15/38923   547.5 JOU 2010 H 2015-0595 24/03/2015 Open Shelf      
    Other/Generic Classification Scheme     MUST Main Library MUST Main Library 24/03/2015   15/38924 6 547.5 JOU 2010 H 2015-0596 09/04/2026 Open Shelf 2 23/04/2026 09/04/2026